Teorías del aprendizaje : del conductismo radical a la teoría de los campos conceptuales /

Guardado en:
Bibliografiske detaljer
Hovedforfatter: Rodríguez Garrido, Esteban (autor)
Andre forfattere: Larios de Rodríguez, Berenice (autor) (autor)
Format: Bog
Sprog:spansk
Udgivet: México : Bogotá, Colombia : Nueva Editorial Iztaccíhuatl ; Cooperativa Editorial Magisterio, 2014, c2014
Serier:(Actualización Pedagógica)
Fag:
Tags: Tilføj Tag
Ingen Tags, Vær først til at tagge denne postø!

MARC

LEADER 00000nam^a2200000^a^4500
001 000350214
005 20250521000000.0
009 20260310114933.829
020 |a 978-607-8345-12-0 
037 |a Acervo ITESO - Biblioteca 
041 |a ESP 
082 |a 153. 15  |b ROD 
100 |a Rodríguez Garrido, Esteban  |e (autor) 
245 1 0 |a Teorías del aprendizaje :  |b del conductismo radical a la teoría de los campos conceptuales /  |c E. Rodríguez Garrido, B. Larios de Rodríguez. 
264 4 |a México :  |b Nueva Editorial Iztaccíhuatl ;  |a Bogotá, Colombia :  |b Cooperativa Editorial Magisterio,  |c 2014, c2014 
300 |a 198 p. 
336 |a texto  |b txt  |2 rdacontenido 
337 |a sin mediación  |b n  |2 rdamedio 
338 |a volumen  |b nc  |2 rdasoporte 
440 1 |a (Actualización Pedagógica) 
521 |a FIL 2014 Departamento de Educación y Valores 
649 |a XX 
650 |a Habilidades de Aprendizaje 
650 |a Estrategias de Aprendizaje 
650 |a Aprendizaje -  |x Teoría -  |x Tema Principal 
650 |a Psicología Cognitiva 
650 |a Proceso Educativo 
650 |a Psicología Educativa 
650 |a Educación 
700 |a Larios de Rodríguez, Berenice  |e (autor) 
910 |a Fondo General 
920 |a Impresos - Libros 
930 |a Colección General 
905 |a 101 
901 |a 0500240235  |b IT1  |c ACC  |i C143308  |u 20250521 
902 |a https://opac.biblio.iteso.mx/vufind/Record/000350214